01002nam a22002777a 4500003000900000008004100009040007100050082002300121110001800144245004800162260002900210300002800239505012100267650002300388650002300411650004200434650002600476650002900502650002600531650004100557650003100598650001800629700002300647700002700670700002700697AR-CdUCM190225b ||||| |||| 00| 0 spa d aMUNICIPALIDAD PROVINCIAL DEL CUSCOcBIBLIOTECA MUNICIPAL DEL CUSCO a985.0013 / bAM52  a Sello Amauta aPresencia y proyección de los 7 ensayos / aLima : bAmauta, c1979. a90 páginas ; c24 cm. aTomo V, contenido: El problema del indio -- El proceso de la instrucción pública -- El proceso de la literatura. aProblema del indio aLuis E. Valcarlcel aProceso de la instrucción pública aAugusto Salazar Bondy aProceso de la literatura aAugsuto Tamayo VArgas aSiete ensayos de la realidad peruana aJosé Carlos Mariátegui aCompilación aValcarcel, Luis E. aSalazar Bondy, Augusto aTamayo Vargas, Augusto